| 000 | 00540nam a2200193Ia 4500 | ||
|---|---|---|---|
| 005 | 20260120125924.0 | ||
| 008 | 008 260114s9999 xx 000 0 eng d | ||
| 020 | _a9780262280310 | ||
| 037 | _aEBOOK | ||
| 040 |
_aCRL _beng _cCRL |
||
| 041 |
_aeng _2eng |
||
| 084 | _qCRL | ||
| 100 |
_aMukherji, N. _9908944 |
||
| 245 | 4 | _aThe primacy of grammar | |
| 260 |
_bMIT PressOxford University Press _c2011 |
||
| 856 | _uhttps://academic.oup.com/mit-press-scholarship-online/book/29413 | ||
| 942 | _cEBOOK | ||
| 999 |
_c1500840 _d1500840 |
||